| 000 | 02620nam a2200649 i 4500 | ||
|---|---|---|---|
| 001 | 30575 | ||
| 003 | KOSZ 005 | ||
| 005 | 20240405063051.0 | ||
| 008 | 210412s1995 pl a f 100 0 pol | ||
| 015 | _aUWD 1996/14440 | ||
| 020 | _a838612329X | ||
| 035 | _a991004367279705066 | ||
| 035 | _a(PL-WaBN)b11154755-48omnis_nlop | ||
| 035 | _ab11154755 | ||
| 035 | _a(OCoLC)750522117 | ||
| 035 | _axx001600118 | ||
| 035 | _a(PL)b0000001115475 | ||
| 035 | _a(EXLNZ-48OMNIS_NETWORK)9910295394105606 | ||
| 040 |
_aWA N _cWA N _dKOSZ 005/RW |
||
| 046 | _k1995 | ||
| 080 | _a338.22(438) | ||
| 080 | _a334.72(438) | ||
| 080 | _a005 | ||
| 245 | 0 | 0 |
_aProblemy zarządzania w okresie transformacji gospodarczej : _bmateriały I Krajowej Konferencji, Koszalin, marzec 1995 / _c[redakcja naukowa Kazimierz Dobrzański, Michał Jasiulewicz, Andrzej Suszyński] ; [recenzent: Włodzimierz Deluga] ; Instytut Zarządzania i Marketingu. Wyższa Szkoła Inżynierska w Koszalinie. |
| 260 |
_aKoszalin : _bWydawnictwo Uczelniane Wyższej Szkoły Inżynierskiej, _c1995. |
||
| 300 |
_a131 stron : _bilustracje ; _c24 cm. |
||
| 336 |
_aTekst _btxt _2rdacontent |
||
| 337 |
_aBez urządzenia pośredniczącego _bn _2rdamedia |
||
| 338 |
_aWolumin _bnc _2rdacarrier |
||
| 380 | _aKsiążki | ||
| 380 | _aPublikacje naukowe | ||
| 388 | 1 | _a1901-2000 | |
| 388 | 1 | _a1989-2000 | |
| 490 | 1 | _aMateriały Konferencyjne Instytutu Zarządzania i Marketingu | |
| 504 | _aBibliografia przy referatach. | ||
| 648 | 7 | _a1901-2000 | |
| 648 | 7 | _a1989-2000 | |
| 650 | 7 |
_aPrywatyzacja _2DBN |
|
| 650 | 7 |
_aPrzedsiębiorstwo _2DBN |
|
| 650 | 7 | _aOrganizacja | |
| 650 | 7 |
_aZarządzanie _2DBN |
|
| 650 | 7 | _aTransformacja systemu społeczno-gospodarczego | |
| 650 | 7 | _aGospodarka | |
| 650 | 7 | _aPolityka | |
| 651 | 7 |
_aPolska _2DBN |
|
| 655 | 7 |
_aMateriały konferencyjne _2DBN |
|
| 658 | _aGospodarka, ekonomia, finanse | ||
| 700 | 1 |
_aDobrzański, Kazimierz _d(1934- ) _eRedakcja |
|
| 700 | 1 |
_aJasiulewicz, Michał _d(1946- ) _eRedakcja |
|
| 700 | 1 |
_aSuszyński, Andrzej _eRedakcja |
|
| 710 | 2 |
_aWydawnictwo Uczelniane (Wyższa Szkoła Inżynierska ; Koszalin) _4pbl |
|
| 700 | 1 |
_aDeluga, Włodzimierz _d(1947-2022) _eRecenzja |
|
| 830 | 0 | _aMateriały Konferencyjne Instytutu Zarządzania i Marketingu - Wyższa Szkoła Inżynierska w Koszalinie | |
| 856 |
_uhttp://koha.tu.koszalin.pl/cgi-bin/koha/opac-detail.pl?biblionumber=30575 _yKatalog online BPK |
||
| 942 |
_2UKD _cKS |
||
| 999 |
_c30575 _d30575 |
||